000 00625nam a2200241Ia 4500
003 OSt
005 20221005065820.0
006 a|||||r|||| 00| 0
007 ta
008 221004b |||||||| |||| 00| 0 eng d
024 _a65223
037 _cTextual
040 _aCRL
_cCRL
_beng
041 _2eng
_aeng
082 _aX:326.19B, M5;3
100 _aSimoniya N.A.
245 0 _aDestiny of capitalism in the orient
260 _aMoscow
_bProgress USSR
_c1985
300 _a251p.
_ccm.
650 _aECONOMICS
942 _hX:326.19B, M5;3
_cTEXL
_2cc
999 _c975263
_d975263